000 00760nam a2200193 a 4500
001 001050879
003 AM-YeHGA
005 20250618074341.0
008 141208s1975 ||| r 000 0 rus d
040 _aAM-YeHGA
041 1 _arus
_beng
100 1 _aԴոյլ, Արթուր Կոնան,
_946
245 1 0 _aЗатерянный мир :
_bНаучно-фантастические произведения /
_cАртур Конан Дойл; Пер. с англ. Н. Волжиной.
260 _aКиев :
_bМолодь,
_c1975.
300 _a318 с.
653 0 _aАнглийская литература - Научно-фантастические романы и рассказы
700 1 _aВолжина, Н.
_eпер.
_4trl
090 _c344350
999 _c342557
_d342557